| 000 | 01885cam a2200313 a 4500 | ||
|---|---|---|---|
| 001 | ocn800032616 | ||
| 003 | OCoLC | ||
| 005 | 20150806075340.0 | ||
| 008 | 121003s2014 maua 001 0 eng d | ||
| 010 | _a2012950823 | ||
| 016 | 7 |
_a016176909 _2Uk |
|
| 020 | _a9781285192925 (pbk.) | ||
| 020 | _a1285192923 (pbk.) | ||
| 035 |
_a(OCoLC)800032616 _z(OCoLC)843784466 |
||
| 040 |
_aBTCTA _beng _cBTCTA _dDLC _dUKMGB _dORE _dYDXCP _dBWX _dPHADU |
||
| 042 | _alccopycat | ||
| 050 | 0 | 0 |
_aPN 1995 _b.L48 2014 |
| 100 | 1 |
_aLewis, Jon, _d1955- |
|
| 245 | 1 | 0 |
_aEssential cinema : _ban introduction to film analysis / _cJon Lewis. |
| 250 | _aInternational edition. | ||
| 260 |
_aAustralia : _bWadsworth/Cengage Learning, _c2014. |
||
| 300 |
_axviii, 331 pages : _billustrations (some color) ; _c28 cm. |
||
| 500 | _aIncludes glossary and index. | ||
| 505 | 0 | _aAnalyzing movies -- Narrative and genre -- Mise-en-sc©·ne -- Camera work -- Editing -- Sound -- The commercial and industrial contexts -- Documentary, animated, and experimental films -- Film history -- Writing about film. | |
| 520 | _aSuccinct, lively, and affordable, this text provides a clear focus on developing your skills in film analysis. Offering the most engaging instruction available, this exciting first edition is packed with illustrations from films that you will readily relate to. It features interviews with award-winning film practitioners, who offer insights into film form and style. Videos of the complete interviews are available through the eBook version as well as the text website. In addition, unique screening questions will help you apply chapter concepts to any film you watch, while the running glossary and end-of-text illustrated glossary ensure that you have easy access to full explanations of concepts. | ||
| 650 | 0 | _aFilm criticism. | |
| 650 | 0 | _aMotion pictures. | |
| 942 |
_2lcc _cBK _kFOR |
||
| 999 |
_c288358 _d288358 |
||